Redukcie geodetických meraní súvisiace s tiažovým poľom Zeme

Guardado en:
Detalles Bibliográficos
Autor principal: Korekáčová, Barbora (Autor)
Otros Autores: Janák, Juraj (Orientador)
Formato: Manuscrito Libro
Lenguaje:eslovaco
Publicado: 2017
Materias:
Acceso en línea:http://is.stuba.sk/zp/portal_zp.pl?podrobnosti=131423
https://opac.crzp.sk/?fn=detailBiblioForm&sid=E7FF18FD4FFD5019D8FEE03CC38C
Etiquetas: Agregar Etiqueta
Sin Etiquetas, Sea el primero en etiquetar este registro!

MARC

LEADER 00000ntm a22000003a 4500
001 stuzp63471
003 SK-STU
005 20230605091103.1
007 ta
008 150427s2015----xo-----f-mn---000-0-slo-d
040 |a STU  |b slo 
041 0 |a slo 
100 1 |a Korekáčová, Barbora  |u 010130  |4 aut  |U SvF Stavebná fakulta  |T SvF Katedra geodetických základov  |X 75800  |U V130  |Y 13  |7 75800 
242 0 1 |a Reductions of geodetic measurements related to the gravity field of Earth  |y eng 
245 1 0 |a Redukcie geodetických meraní súvisiace s tiažovým poľom Zeme 
260 |c 2017 
650 4 |a tiažové pole Zeme  |2 slo 
650 4 |a zvislicová odchýlka  |2 slo 
650 4 |a normálna ortometrická korekcia  |2 slo 
650 4 |a normal orthometric correction  |2 eng 
650 4 |a deflection of vertical  |2 eng 
650 4 |a Earth´s gravity field  |2 eng 
700 1 |a Janák, Juraj  |u 010130  |k Z1  |4 ths  |U SvF Stavebná fakulta  |T SvF Katedra geodetických základov  |X 876  |U V130  |Y 13  |7 A000000876 
856 4 |u http://is.stuba.sk/zp/portal_zp.pl?podrobnosti=131423 
856 4 |u https://opac.crzp.sk/?fn=detailBiblioForm&sid=E7FF18FD4FFD5019D8FEE03CC38C